01127nam a2200265 i 4500001001000000003000900010005001700019007000300036008004100039040003000080082002400110100004500134245015900179264007600338300002800414336002700442337003400469338002800503500006400531600003200595650001000627650005700637651007700694651009000771000025480DO-SdBNP20240520190011.0ta110217s1985 dr 000 0 spa d aDO-SdBNPbspacBNPHUerda 4a291.0922bC331p2221 aPérez Memén, Fernando,d1943-eautor13aEl Arzobispo Fernando Carvajal y Rivera :bun crítico de la política colonial española (y otros ensayos históricos) /cFernándo Pérez Memén. aSanto Domingo :bUniversidad Nacional Pedro Henríquez Ureña,c1985. a243 páginas ;c22 cm. 2rdacontentatextobtxt 2rdamediaasin mediaciónbnc 2rdacarrieravolumenbnc aIncluye datos biográficos del autor en la contracubierta.14aCarvajal y Rivera, Fernando 0aClero 4aIglesia católicaxHistoriazRepública Dominicana 4aRepública DominicanaxHistoriazGobierno Colonial Español, 1511-1795 4aRepública DominicanaxPolítica y gobiernozGobierno Colonial Español, 1511-1795